[Event "Ghent op 19th"]
[Site "Ghent"]
[Date "1996.??.??"]
[Round "3"]
[White "De Bruycker, Bernard"]
[Black "Lootens, Wim"]
[Result "1/2-1/2"]
[WhiteElo "2295"]
[BlackElo "2050"]
[PlyCount "62"]
[EventDate "1996.07.20"]
[EventType "swiss"]
[EventRounds "8"]
[EventCountry "BEL"]
[SourceTitle "EXT 2004"]
[Source "ChessBase"]
[SourceDate "2003.11.25"]
[SourceVersion "1"]
[SourceVersionDate "2003.11.25"]
[SourceQuality "1"]

1. Nf3 d5 2. c4 c6 3. b3 Nf6 4. g3 g6 5. Bg2 Bg7 6. Bb2 0-0 7. 0-0 Nbd7 8. Qc2 Re8 9. d3 e5 10. cxd5 Nxd5 11. Nbd2 a5 12. Nc4 Nb4 13. Qd2 b5 14. Nd6 Re6 15. Nxf7 Kxf7 16. Ng5+ Ke7 17. Nxe6 Kxe6 18. f4 Kf7 19. fxe5+ Kg8 20. e6 Bxb2 21. Qxb2 Nf8 22. Rf7 Nxe6 23. Raf1 Ba6 24. a3 Nd5 25. Qe5 Qb6+ 26. Kh1 Qe3 27. Be4 Re8 28. Rf8+ Rxf8 29. Qxe6+ Kg7 30. Qd7+ Kg8 31. Qe6+ Kg7 1/2-1/2